000 00414nam a2200181Ia 4500
005 20250203052813.0
008 240331s9999 xx 000 0 und d
020 _a8171677991
082 _bMEN
_24751
_a305.4
100 _aMenon, D
245 0 _aArms and the Woman
260 _aNew Delhi
_bRupa Co.
_c2002
300 _axi, 275 p.,
650 _aArmy
650 _aWomen
650 _aMotherhood
942 _cL
999 _c1673
_d1673